| 000 | 01038nam a2200265 i 4500 | ||
|---|---|---|---|
| 001 | 10778 | ||
| 003 | ES-MaACL | ||
| 005 | 20250912122410.0 | ||
| 007 | t| | ||
| 008 | 881031s1986 sp ah |||| | spa | ||
| 080 | _a860-32"19" | ||
| 100 | 1 |
_aRoso de Luna, Mario, _d1872-1931 _999794 |
|
| 245 | 1 | 3 |
_aEl misterio de Quirico ; _bEn suspensión de pagos ; El mal karma de Mª del Espíritu Santo Moreno / _cMario Roso de Luna ; introducción de Esteban Cortijo. |
| 246 | 3 | _aEn suspensión de pagos | |
| 260 |
_aBadajoz : _bDepartamento de Publicaciones de la Excma. Diputación, _c1986. |
||
| 300 |
_a112 p : _bil. col. y n. ; _c22 cm. |
||
| 490 | 1 |
_aRaíces ; _v2 |
|
| 594 | _a"Facsímil de La novela corta y La novela semanal, 1924-25" | ||
| 700 | 0 |
_aCortijo Parralejo, Esteban, _d1952- _940933 |
|
| 710 | 1 |
_aBadajoz (Provincia). _bDiputación Provincial _92081 |
|
| 740 | 3 | 2 | _aEl mal karma de Mª del Espíritu Santo Moreno. |
| 830 | 1 |
_aRaíces ; _v2 _9178830 |
|
| 852 |
_aES-MaACL _jL-18158 |
||
| 999 |
_c10778 _d10778 |
||